000 01065nam a2200313 i 4500
003 DO-SdBNP
005 20240530073925.0
007 ta
008 100322s2019 dr a 000 0 spa d
020 _a9789945613445
040 _aDO-SdBNP
_bspa
_cBNPHU
_erda
082 4 _aRD863.44
_bC287L, 2019
_222
100 1 _aCarmen Natalia,
_937920
_d1917-1976
_eautora
245 1 3 _aLa victoria /
_cCarmen Natalia ; presentación, Orlando Cordero.
250 _a2a. ed.
264 _aSanto Domingo :
_bArchivo General de la Nación,
_c2019.
300 _a210 páginas :
_bilustraciones ;
_c23 cm.
336 _2rdacontent
_atexto
_btxt
337 _2rdamedia
_asin mediación
_bn
338 _2rdacarrier
_avolumen
_bnc
490 _aJuvenil
_v18
500 _aIncluye datos biográficos de la autora en la solapa de la cubierta
590 _aInventariado, 2021/ YL
650 0 _aNovela dominicana
_9223
650 4 _aLiteratura dominicana
_978591
700 1 _aCordero, Orlando,
_epresentador
_974080
910 _aValidado. Control de calidad MFF
942 _2ddc
_cLBS1
999 _c49662
_d49662